Segundo Simposio Interuniversitario de Energía: anales
Guardat en:
| Autor corporatiu: | |
|---|---|
| Format: | Llibre |
| Idioma: | anglès espanyol |
| Publicat: |
Santiago
Universidad de Santiago de Chile
1983
|
| Matèries: | |
| Etiquetes: |
Afegir etiqueta
Sense etiquetes, Sigues el primer a etiquetar aquest registre!
|
MARC
| LEADER | 00000nam a2200000 a 4500 | ||
|---|---|---|---|
| 001 | UCU4179 | ||
| 003 | CL-VaPUC | ||
| 005 | 20240904161908.0 | ||
| 008 | 960517e19830000cl 1 eng d | ||
| 041 | 0 | 7 | |a eng |2 CL-VaPUC |
| 041 | 0 | 7 | |a spa |2 CL-VaPUC |
| 082 | 0 | 4 | |a 333.79 |b UNI |2 21 |
| 110 | 2 | |a Universidad de Santiago de Chile |e author |9 617738 | |
| 245 | 1 | 0 | |a Segundo Simposio Interuniversitario de Energía: anales |
| 260 | |a Santiago |b Universidad de Santiago de Chile |c 1983 | ||
| 300 | |a v | ||
| 583 | |a last modification |c 19960517 00:00:00 |k Rodrigo Vera | ||
| 650 | 0 | 0 | |a Recursos naturales |9 255232 |
| 650 | 0 | 0 | |a Energía |9 259431 |
| 650 | 0 | 0 | |a Energía nuclear |9 255228 |
| 650 | 0 | 7 | |a CARBON |2 CL-VaPUC |9 268755 |
| 650 | 0 | 0 | |a Combustibles |9 271720 |
| 650 | 0 | 0 | |a Fuentes de energía |9 263042 |
| 650 | 0 | 7 | |a PETROLEO |2 CL-VaPUC |9 320865 |
| 650 | 0 | 0 | |a Aceites combustibles |9 373636 |
| 942 | |c BK | ||
| 945 | |a paguirre |d 19960517 00:00:00 | ||
| 546 | |a En Inglés | ||
| 546 | |a En Español | ||
| 518 | |p Simposio Interuniversitario de Energía, 2, Santiago, 14 al 19 de Noviembre de 1983 | ||
| 999 | |c 382612 |d 382610 | ||
| 952 | |0 0 |1 0 |4 0 |6 333_790000000000000_UNI_1983 |7 0 |8 A |9 504395 |a BIBING |b BIBING |d 2020-01-23 |h v.2 |i 1661523 |o 333.79 UNI 1983 |p 1661523 |r 2025-01-20 |w 2020-01-23 |y BK |k ING | ||
| 952 | |0 0 |1 0 |4 0 |6 333_790000000000000_UNI_1983 |7 0 |8 A |9 504396 |a BIBING |b BIBING |d 2020-01-23 |h v.3 |i 1661914 |o 333.79 UNI 1983 |p 1661914 |r 2025-01-20 |w 2020-01-23 |y BK |k ING | ||
| 952 | |0 0 |1 0 |4 0 |6 333_790000000000000_UNI_1983 |7 0 |8 A |9 504397 |a BIBING |b BIBING |d 2020-01-23 |h v.3 |i 166154K |o 333.79 UNI 1983 |p 166154K |r 2025-01-20 |w 2020-01-23 |y BK |k ING | ||